A modern irány.

Elmentve itt :
Bibliográfiai részletek
Szerző: Cannegieter, Tjeard
Adatforrás:Philobibl
Dokumentumtípus: Könyv
Nyelv:magyar
Megjelent: Sárospatak. Radil Károly. 1905
LEADER 00362nam a2200121 c 4500
001 bibDOK00025908
005 20200924122026.5
008 060518s1905 xx hun
100 1 |a Cannegieter, Tjeard 
245 1 2 |a A modern irány.  |c Cannegieter, Tjeard 
260 |a Sárospatak.  |b Radil Károly.  |c 1905 
300 |a 65 p. p. 
500 |a Ford. és jegyzeteket írta Miksák András.